00505nam a2200157Ia 4500001001000000003000500010008004100015010001100056040000900067110009100076245009500167260002700262300000900289650002200298650002700320Para_6614CHAP220125s1983 xx 000 0 und d a205414 cCHAP aInstitut National de la Recherche Agronomique (Francia). Station de Zoologie, Lusignan aLa lutte contre les ravageurs des legumineuses /c by INRA. Station de Zoologie, Lusignan aParis :b El Instituto a2 h. aControl de Plagas aLeguminosas x plagas